Roma: photographs scottish scenery
Guardat en:
| Format: | Llibre |
|---|---|
| Idioma: | anglès |
| Publicat: |
s.n
1950
|
| Matèries: | |
| Etiquetes: |
Afegir etiqueta
Sense etiquetes, Sigues el primer a etiquetar aquest registre!
|
MARC
| LEADER | 00000nam a2200000 a 4500 | ||
|---|---|---|---|
| 001 | UCY4264 | ||
| 003 | CL-VaPUC | ||
| 008 | 950306e19500000US |||||||||||||||||eng|d | ||
| 082 | 0 | 4 | |a 709.45632 |b ROM |2 21 |
| 245 | 1 | 0 | |a Roma: photographs scottish scenery |
| 300 | |a v | ||
| 942 | |c BK | ||
| 945 | |d 19950306 00:00:00 |a mfernand | ||
| 260 | |b s.n |c 1950 | ||
| 500 | |a v.6: Fotografías de lugares de ciudades y paisajes, monumentos históricos de Roma | ||
| 500 | |a v.7: Fotografías de pinturas, esculturas | ||
| 650 | 0 | |a Arte |9 265238 | |
| 650 | 0 | |a Fotografía |9 268495 | |
| 651 | 0 | |a Roma |9 255106 | |
| 583 | |a last modification |c 20120823 10:33:56 |k Rodrigo Vera | ||
| 999 | |c 232167 |d 232165 | ||
| 952 | |0 0 |1 0 |4 0 |6 709_456320000000000_ROM_1950 |7 0 |8 F |9 236256 |a BIBARQ |b BIBARQ |d 2019-11-15 |h v.6 |i 3061965 |o 709.45632 ROM 1950 |p 3061965 |r 2025-01-20 |w 2019-11-15 |y BK_F |k ARQ | ||
| 952 | |0 0 |1 0 |4 0 |6 709_456320000000000_ROM_1950 |7 0 |8 F |9 236257 |a BIBARQ |b BIBARQ |d 2019-11-15 |h v.7 |i 3061973 |o 709.45632 ROM 1950 |p 3061973 |r 2025-01-20 |w 2019-11-15 |y BK_F |k ARQ | ||